| 000 | 01328nam a2200205 i 4500 | ||
|---|---|---|---|
| 001 | 59248 | ||
| 003 | ES-MaACL | ||
| 005 | 20250707213320.0 | ||
| 007 | t| | ||
| 008 | 031028s1916 xxk ||||1| eng d | ||
| 245 | 0 | 4 |
_aThe empire and the future : _ba series of imperial studies lectures delivered in the University of London, King's College. |
| 260 |
_aLondon : _bMacmillan and Cº, _c1916. |
||
| 300 |
_aXV, 110 p. ; _c19 cm. |
||
| 505 | 8 | _aContiene: Introduction, by A. D. Steel-Maitland . The universities and the war, by M. E. Sadler . Empire and democracy, by Sir C. Lucas . The people and the duties of empire, by A. L. Smith . Imperial administration, by H. A. L. Fisher . Commonwealth and empire, by P. H. Kerr . The duty of the empire to the world, by G. R. Parkin. | |
| 594 | _aLectures delivered in 1915 "in pursuance of the aims of the Imperial studies ocmmittee of the University of London and the Royal Colonial institute ... What needed saying in October 1915 has to some extent ceased to be apposite ... and in place of the lecture he gave last autumn Dr. Sadler has therefore contributed ... a specially written article." cf. Pref. note. | ||
| 650 | 0 | 4 |
_aGuerra mundial, 1914-1918. _913212 |
| 651 | 4 |
_aGran Bretaña- _xColonias. _9137194 |
|
| 852 |
_aES-MaACL _cSPP2 _jF-8444 |
||
| 942 |
_2udc _cMONOGRAFIA _n0 |
||
| 999 |
_c59248 _d59248 |
||